000 00907 a2200217 4500
001 132
005 20260407155413.0
008 260407a1986 arg spa d
003 AR-UNSa-BCEJYS
040 _aAR-UNSa-BCEJYS
_bspa
_cAR-UNSa-BCEJYS
080 _a657.47
_xContabilidad de Costos
245 1 0 _aContabilidad de costos
_pprincipios y esquemas
020 _a950-503-022-4
250 _a2a. ed
264 1 _aBuenos Aires :
_bEl Coloquio
_c1986
300 _a206 p.
_c21 cm
505 _a1. El costo. La contabilidad de costos. Sus sistemas 2. Clasificación de los costos 3. Los elementos del costo. Derivaciones conceptuales 4. El esquema básico del costo. Sus fórmulas e informes 5. La registración de los costos 6 Concepciones y metodologías de costeo 7. La contabilidad de costos y la inflación
942 _cBK
590 _aniveau_biblio:m niveau_hierar:0
100 1 _aCascarini, Daniel C.
999 _c101
_d101